[Event "chess.com SpeedChess Q2Sw"]
[Site "chess.com INT"]
[Date "2022.11.12"]
[Round "2"]
[White "Kabanova, Ekaterina"]
[Black "Barria Zuniga, Daniel"]
[Result "0-1"]
[WhiteTitle "WFM"]
[BlackTitle "IM"]
[WhiteElo "2088"]
[BlackElo "2341"]
[WhiteFideId "24112917"]
[BlackFideId "3400816"]
[EventDate "2022.11.12"]

1. c4 g6 2. e3 Bg7 3. Qc2 Nf6 4. Nf3 O-O 5. Be2 c5 6. O-O Nc6 7. a3 b6 8. d3 d5
9. Nbd2 Bb7 10. b3 d4 11. e4 e5 12. Re1 a5 13. Nf1 Ne8 14. Rb1 Nd6 15. Ng3 Qc7
16. Bd2 Rae8 17. b4 axb4 18. axb4 cxb4 19. Bxb4 Nxb4 20. Rxb4 Bc6 21. Reb1 Rb8
22. c5 bxc5 23. Qxc5 Rxb4 24. Rxb4 Nb7 25. Qa7 Rc8 26. h4 Bf8 27. Rb1 Bc5 28.
Qa2 Bd6 29. Ng5 Nc5 30. h5 Kg7 31. Rc1 h6 32. Nf3 Qe7 33. Nh2 Ra8 34. Qb1 Bd7
35. Qb6 Na4 36. Qb7 Rb8 37. Qa7 Nc3 38. Bf1 Qd8 39. hxg6 fxg6 40. f4 Ra8 41. Qb7
Qc8 42. Qb3 Be6 43. Qb2 Ra2 44. Qb6 Bc5 45. Rxc3 dxc3+ 0-1

[Event "chess.com SpeedChess Q2Sw"]
[Site "chess.com INT"]
[Date "2022.11.12"]
[Round "2"]
[White "Fridman, Daniel"]
[Black "Shankland, Sam"]
[Result "1-0"]
[WhiteTitle "GM"]
[BlackTitle "GM"]
[WhiteElo "2602"]
[BlackElo "2710"]
[WhiteFideId "11600454"]
[BlackFideId "2004887"]
[EventDate "2022.11.12"]

1. d4 d5 2. Nf3 Nf6 3. c4 c6 4. cxd5 cxd5 5. Nc3 Nc6 6. Bf4 a6 7. e3 Bg4 8. Be2
Bxf3 9. Bxf3 e6 10. O-O Be7 11. Rc1 O-O 12. Na4 Bd6 13. Bxd6 Qxd6 14. Qb3 Rab8
15. Nc5 e5 16. Qc3 exd4 17. exd4 Rfc8 18. Rfe1 g6 19. a3 a5 20. Qd2 b6 21. Na4
Kg7 22. h3 h5 23. Nc3 b5 24. Ne2 b4 25. Qg5 bxa3 26. bxa3 Re8 27. Red1 Kh7 28.
Qf4 Red8 29. Qxd6 Rxd6 30. Rc5 Ne4 31. Bxe4 dxe4 32. d5 Ne5 33. Rxa5 Nd3 34. Nc3
f5 35. Ra7+ Kh6 36. f3 Rb3 37. Rc7 Nb2 38. Rb1 e3 39. f4 Rd8 40. Kf1 Ra8 41. d6
Rbb8 42. d7 Nd3 43. Rxb8 Rxb8 44. Rc8 1-0

[Event "chess.com SpeedChess Q2Sw"]
[Site "chess.com INT"]
[Date "2022.11.12"]
[Round "2"]
[White "Stoyanov, Tsvetan"]
[Black "Xiong, Jeffery"]
[Result "1-0"]
[WhiteTitle "IM"]
[BlackTitle "GM"]
[WhiteElo "2456"]
[BlackElo "2692"]
[WhiteFideId "2917173"]
[BlackFideId "2047640"]
[EventDate "2022.11.12"]

1. c4 g6 2. Nc3 Bg7 3. g3 d6 4. d4 Nc6 5. Nf3 Bd7 6. Bg2 Qc8 7. h3 e5 8. dxe5
dxe5 9. e4 Nge7 10. Be3 O-O 11. Nd5 f5 12. exf5 Nxf5 13. Bc5 Re8 14. O-O h6 15.
g4 Nfd4 16. Nxd4 exd4 17. Qc2 Kh7 18. Be4 Rxe4 19. Qxe4 Qg8 20. Rae1 Re8 21. Qf4
Ne5 22. Nf6+ Bxf6 23. Qxf6 Re6 24. Qf4 Qe8 25. Bxd4 Nf3+ 26. Qxf3 Rxe1 27. Rxe1
Qxe1+ 28. Kh2 Qe7 29. Qf4 Bc6 30. Be5 Qe6 31. Bxc7 g5 32. Qe5 Qxc4 33. Qf5+ Kh8
34. Be5+ 1-0

[Event "chess.com SpeedChess Q2Sw"]
[Site "chess.com INT"]
[Date "2022.11.12"]
[Round "2"]
[White "Kazakov, Mikhail"]
[Black "Aradhya, Garg"]
[Result "0-1"]
[WhiteTitle "GM"]
[BlackTitle "FM"]
[WhiteElo "2513"]
[BlackElo "2289"]
[WhiteFideId "14102749"]
[BlackFideId "25006746"]
[EventDate "2022.11.12"]

1. d4 d5 2. c4 c6 3. Nc3 Nf6 4. Nf3 dxc4 5. g3 g6 6. Bg2 Bg7 7. Ne5 Be6 8. O-O
O-O 9. e4 Nfd7 10. f4 Nxe5 11. fxe5 Qb6 12. Na4 Qc7 13. Be3 Nd7 14. Rc1 h5 15.
h3 Rad8 16. Qe2 b5 17. Nc3 Nb6 18. Kh1 b4 19. Nb1 c5 20. dxc5 Na4 21. Qc2 b3 22.
axb3 cxb3 23. Qf2 Qxe5 24. Nc3 Nxb2 25. Qxb2 Rd3 26. Bd2 Rfd8 27. Be1 Qxc5 28.
Na4 Qb5 29. Qa3 b2 30. Rb1 Rxa3 31. Nxb2 Bxb2 32. Bf2 Rb3 33. Rbd1 Rxd1 34. Rxd1
Be5 35. Kh2 Rb1 36. Rd8+ Kg7 37. Rd2 Rb2 0-1

[Event "chess.com SpeedChess Q2Sw"]
[Site "chess.com INT"]
[Date "2022.11.12"]
[Round "2"]
[White "Liyanage, Ranindu Dilshan"]
[Black "Jones, Gawain C B"]
[Result "0-1"]
[WhiteTitle "FM"]
[BlackTitle "GM"]
[WhiteElo "2331"]
[BlackElo "2623"]
[WhiteFideId "9915834"]
[BlackFideId "409561"]
[EventDate "2022.11.12"]

1. d4 Nf6 2. Nc3 d5 3. Bf4 g6 4. e3 Bg7 5. Nb5 Na6 6. Nf3 O-O 7. h3 Ne4 8. a4 c6
9. Na3 Qb6 10. Rb1 Qb4+ 11. Nd2 Qxa4 12. Nxe4 dxe4 13. Qd2 e5 14. dxe5 Be6 15.
Be2 Rfd8 16. Qc3 Nb4 17. Bc4 Nxc2+ 18. Nxc2 Qxc4 19. Nd4 Qa6 20. f3 exf3 21.
gxf3 c5 22. Qxc5 Rd5 23. Qc3 Rc8 24. Qd2 Bxe5 25. Bxe5 Rxe5 26. Kf2 Qd6 27. Rbc1
Rec5 28. Rxc5 Rxc5 29. Kg2 Rg5+ 30. Kf1 Bc4+ 31. Ke1 Qg3+ 32. Kd1 Qg2 33. Re1
Qxh3 34. Qb4 Qc8 35. Kd2 Rg2+ 36. Kd1 Bd3 37. Qb3 Qc4 38. Qxb7 Bc2+ 39. Kc1 Be4+
40. Kd1 Qd3+ 0-1

[Event "chess.com SpeedChess Q2Sw"]
[Site "chess.com INT"]
[Date "2022.11.12"]
[Round "2"]
[White "Mikaelyan, Arman"]
[Black "Tan, Zhongyi"]
[Result "1-0"]
[WhiteTitle "GM"]
[BlackTitle "GM"]
[WhiteElo "2556"]
[BlackElo "2514"]
[WhiteFideId "13304852"]
[BlackFideId "8603642"]
[EventDate "2022.11.12"]

1. d4 d5 2. Nf3 Nf6 3. Bf4 Bf5 4. e3 e6 5. Nbd2 Bd6 6. Ne5 Nfd7 7. g4 Bxe5 8.
dxe5 Bg6 9. h4 h5 10. Bd3 Bxd3 11. cxd3 c5 12. gxh5 Nc6 13. Qg4 Rh7 14. Nf3 Qa5+
15. Ke2 O-O-O 16. Rhc1 Qb5 17. Ng5 Ndxe5 18. Bxe5 Nxe5 19. Qd4 Nc6 20. Rxc5 Rxh5
21. Rxb5 Nxd4+ 22. exd4 Rxh4 23. Nxf7 Rf8 24. Rc1+ Kb8 25. Ne5 Re8 26. Nd7+ Ka8
27. Rbc5 a6 28. Rc8+ Rxc8 29. Rxc8+ Ka7 30. Rg8 Rxd4 31. Rxg7 a5 32. Nc5 Rb4 33.
b3 e5 34. Re7 Rb5 35. Nd7 a4 36. Nxe5 axb3 37. axb3 Rxb3 38. f4 Kb6 39. f5 Kc5
40. f6 Rb2+ 41. Kf3 Rb1 42. f7 Kd6 43. Re8 Rf1+ 44. Ke2 Rf5 45. f8=Q+ Rxf8 46.
Rxf8 1-0

[Event "chess.com SpeedChess Q2Sw"]
[Site "chess.com INT"]
[Date "2022.11.12"]
[Round "2"]
[White "Crevatin, Leo"]
[Black "Guo, Yu Han"]
[Result "1-0"]
[WhiteTitle "FM"]
[BlackTitle "WFM"]
[WhiteElo "2301"]
[BlackElo "1923"]
[WhiteFideId "1726307"]
[BlackFideId "2623870"]
[EventDate "2022.11.12"]

1. e4 c6 2. Nf3 d5 3. Nc3 Bg4 4. h3 Bxf3 5. Qxf3 e6 6. Be2 Nd7 7. d4 Bb4 8. O-O
Ne7 9. a3 Bxc3 10. bxc3 O-O 11. Rb1 b6 12. c4 dxe4 13. Qxe4 Nf6 14. Qd3 Qd6 15.
Rd1 Rfd8 16. Qf3 Nf5 17. Bf4 Qd7 18. c3 Qe7 19. a4 c5 20. d5 e5 21. Bg5 Nd6 22.
Re1 h6 23. Bd2 Qd7 24. a5 Rab8 25. axb6 Rxb6 26. Be3 Nfe4 27. Rbc1 Rb3 28. Bd3
Nxc3 29. Qg3 Nce4 30. Bxe4 Nxe4 31. Qh4 Nf6 32. Bxc5 Qc7 33. Be3 Rb4 34. Bxh6
gxh6 35. Qxf6 Rd6 36. Qxe5 1-0

[Event "chess.com SpeedChess Q2Sw"]
[Site "chess.com INT"]
[Date "2022.11.12"]
[Round "2"]
[White "Melikyan, Gnel"]
[Black "Ter-Sahakyan, Samvel"]
[Result "1/2-1/2"]
[BlackTitle "GM"]
[WhiteElo "2238"]
[BlackElo "2605"]
[WhiteFideId "54109990"]
[BlackFideId "13302531"]
[EventDate "2022.11.12"]

1. e4 c6 2. Nf3 d5 3. Nc3 Bg4 4. h3 Bxf3 5. Qxf3 e6 6. d3 g6 7. Bd2 Bg7 8. O-O-O
Ne7 9. g4 Nd7 10. Bg2 Qb6 11. Rhe1 d4 12. Nb1 Qc5 13. Qg3 e5 14. f4 exf4 15.
Bxf4 Ne5 16. Nd2 h6 17. b4 Qb5 18. a4 Qxa4 19. Bxe5 Qa3+ 20. Kb1 Qxb4+ 21. Nb3
a5 22. Bxg7 a4 23. Bxd4 axb3 24. Bb2 Ra2 25. Qe5 f6 26. Qc3 Qxc3 27. Bxc3 Rxc2
28. Bxf6 Rf8 29. Bxe7 Kxe7 30. Bh1 Rff2 31. d4 Rb2+ 32. Ka1 Ra2+ 33. Kb1 Rfb2+
34. Kc1 Rc2+ 35. Kb1 Rab2+ 36. Ka1 Ra2+ 37. Kb1 Rcb2+ 38. Kc1 Rh2 39. Kb1 Rhb2+ 1/2-1/2

[Event "chess.com SpeedChess Q2Sw"]
[Site "chess.com INT"]
[Date "2022.11.12"]
[Round "2"]
[White "Gorodetzky, David"]
[Black "Kollars, Dmitrij"]
[Result "1/2-1/2"]
[WhiteTitle "IM"]
[BlackTitle "GM"]
[WhiteElo "2495"]
[BlackElo "2611"]
[WhiteFideId "2813416"]
[BlackFideId "12909572"]
[EventDate "2022.11.12"]

1. e4 e5 2. Nf3 Nc6 3. d4 exd4 4. Bc4 Nf6 5. e5 Ne4 6. Qe2 Nc5 7. c3 d3 8. Qe3
Be7 9. b4 Ne6 10. Bxd3 d6 11. exd6 cxd6 12. O-O O-O 13. Nbd2 d5 14. Nb3 Bf6 15.
b5 Na5 16. Nbd4 Nc4 17. Qe2 Re8 18. Qc2 g6 19. Bxc4 dxc4 20. Be3 Nc5 21. Rad1
Qc7 22. Nd2 Bd7 23. Nxc4 Ne4 24. Qd3 Bxd4 25. Qxd4 Rad8 26. Nd6 Nxd6 27. Qxd6
Qxd6 28. Rxd6 Bxb5 29. Rxd8 Rxd8 30. Rb1 Bc4 31. Bxa7 Bxa2 32. Ra1 Bc4 33. Bd4
b5 34. h4 h5 35. Kh2 Bd5 36. Kg3 Ra8 37. Rxa8+ Bxa8 38. f3 Bd5 39. Kf2 Bc4 40.
Kg3 Bd5 41. Kf2 Bc4 42. Kg3 Bd5 1/2-1/2

[Event "chess.com SpeedChess Q2Sw"]
[Site "chess.com INT"]
[Date "2022.11.12"]
[Round "2"]
[White "Theodorou, Nikolas"]
[Black "Stribuk, Artiom"]
[Result "1-0"]
[WhiteTitle "GM"]
[BlackTitle "FM"]
[WhiteElo "2598"]
[BlackElo "2312"]
[WhiteFideId "4262875"]
[BlackFideId "13515659"]
[EventDate "2022.11.12"]

1. d4 Nf6 2. c4 c5 3. d5 b5 4. cxb5 a6 5. e3 g6 6. Nc3 Bg7 7. e4 O-O 8. a4 Bb7
9. e5 Ne8 10. Nf3 d6 11. h4 Nd7 12. h5 Nxe5 13. hxg6 fxg6 14. Ng5 Nf6 15. Ne6
Qa5 16. Nxg7 Kxg7 17. Bh6+ Kg8 18. Bxf8 Rxf8 19. bxa6 Bxa6 20. Be2 Bxe2 21. Qxe2
Nxd5 22. O-O Nxc3 23. bxc3 Rf4 24. Qb5 Qxc3 25. Qe8+ Rf8 26. Qxe7 Qd4 27. Qe6+
Kg7 28. Rad1 Qxa4 29. Rxd6 Qf4 30. Rd5 Rf5 31. Qe7+ Kh6 32. Qxc5 Rh5 33. Qe3
Nf3+ 34. gxf3 Qxe3 35. Rxh5+ 1-0

[Event "chess.com SpeedChess Q2Sw"]
[Site "chess.com INT"]
[Date "2022.11.12"]
[Round "2"]
[White "Dubov, Daniil"]
[Black "Boros, Denes"]
[Result "1-0"]
[WhiteTitle "GM"]
[BlackTitle "GM"]
[WhiteElo "2708"]
[BlackElo "2402"]
[WhiteFideId "24126055"]
[BlackFideId "722340"]
[EventDate "2022.11.12"]

1. d4 d5 2. Nf3 Nf6 3. c4 e6 4. g3 Bb4+ 5. Nbd2 a5 6. Bg2 O-O 7. O-O c5 8. cxd5
exd5 9. dxc5 a4 10. a3 Bxc5 11. b3 axb3 12. Nxb3 Bb6 13. Bb2 Nc6 14. Rc1 Ne4 15.
Nbd4 Na5 16. Bc3 Nc4 17. Bb4 Re8 18. Qd3 Bg4 19. h3 Bd7 20. e3 Qf6 21. Kh2 h6
22. Ne2 Bc6 23. Nf4 Red8 24. Nd4 Ne5 25. Qd1 g5 26. Nh5 Qg6 27. f4 g4 28. fxe5
Qxh5 29. Qxg4+ Qxg4 30. hxg4 Rac8 31. Nf5 Kh7 32. Ne7 Bxe3 33. Rxf7+ Kh8 34. Re1
Bg5 35. Nxc8 Rxc8 36. e6 Kg8 37. Ref1 d4 38. Bxe4 Bxe4 39. Rf8+ Rxf8 40. Rxf8+
Kg7 41. e7 Bxe7 42. Bxe7 d3 43. Rd8 Kf7 44. Bb4 Ke6 45. Bd2 1-0

[Event "chess.com SpeedChess Q2Sw"]
[Site "chess.com INT"]
[Date "2022.11.12"]
[Round "2"]
[White "Baches Garcia, Guillermo"]
[Black "Wadsworth, Matthew J"]
[Result "1/2-1/2"]
[WhiteTitle "IM"]
[BlackTitle "IM"]
[WhiteElo "2326"]
[BlackElo "2470"]
[WhiteFideId "2209764"]
[BlackFideId "415804"]
[EventDate "2022.11.12"]

1. e4 c5 2. Nf3 e6 3. c4 Nc6 4. d4 cxd4 5. Nxd4 Nf6 6. Nc3 Bb4 7. Nxc6 bxc6 8.
Bd3 e5 9. O-O O-O 10. Qe2 Bc5 11. Be3 Bd4 12. Rad1 c5 13. Bxd4 cxd4 14. Nd5 d6
15. f4 Nxd5 16. exd5 Qe7 17. fxe5 Qxe5 18. Rde1 Qxe2 19. Rxe2 Rb8 20. Rf4 Ba6
21. Rxd4 Rfe8 22. Rxe8+ Rxe8 23. Kf2 g6 24. b3 Kg7 25. Re4 Rxe4 26. Bxe4 Kf6 27.
Ke3 Ke5 28. Bf3 f5 29. g3 g5 30. a4 Bc8 31. b4 f4+ 32. gxf4+ gxf4+ 33. Kd3 Bf5+
34. Kc3 Be4 35. Bxe4 Kxe4 36. Kd2 Kd4 37. c5 Kxd5 38. cxd6 Kxd6 39. Ke2 Kd5 40.
Kf3 Kc4 41. Kxf4 Kxb4 42. Kg5 Kxa4 43. Kh6 Kb3 44. Kxh7 a5 45. Kg8 a4 46. h4 a3
47. h5 a2 48. h6 a1=Q 49. h7 Qg1+ 50. Kf7 Qd4 51. Kg8 Qg4+ 52. Kf8 Qf5+ 53. Kg8
Qg6+ 54. Kh8 Qf7 1/2-1/2

[Event "chess.com SpeedChess Q2Sw"]
[Site "chess.com INT"]
[Date "2022.11.12"]
[Round "2"]
[White "Jobava, Baadur"]
[Black "Djordjevic, Vuk"]
[Result "1-0"]
[WhiteTitle "GM"]
[BlackTitle "IM"]
[WhiteElo "2578"]
[BlackElo "2394"]
[WhiteFideId "13601520"]
[BlackFideId "902098"]
[EventDate "2022.11.12"]

1. e4 e6 2. d4 d5 3. exd5 exd5 4. Nf3 Bd6 5. Bd3 Nf6 6. O-O O-O 7. h3 h6 8. Re1
c6 9. Nc3 Nbd7 10. Be3 Re8 11. Ne2 Qc7 12. b3 Nf8 13. c4 dxc4 14. bxc4 b6 15.
Rc1 Bb7 16. Nc3 Bf4 17. Qd2 Ne6 18. Ne2 Bxe3 19. fxe3 Rad8 20. e4 Nh5 21. e5 g5
22. g3 Qe7 23. Qe3 Bc8 24. Be4 Qc7 25. Kg2 Nf8 26. d5 f5 27. Bb1 Qg7 28. Qb3 Kh8
29. e6 cxd5 30. cxd5 Bb7 31. Nc3 Nxe6 32. Bxf5 Nc5 33. Qb5 Qc7 34. Rxe8+ Kg7 35.
Rxd8 Qxg3+ 36. Kf1 Qxf3+ 37. Ke1 Qe3+ 38. Qe2 Qxc1+ 39. Nd1 Bxd5 40. Qe5+ Nf6
41. Qe7+ Bf7 42. Qf8# 1-0

[Event "chess.com SpeedChess Q2Sw"]
[Site "chess.com INT"]
[Date "2022.11.12"]
[Round "2"]
[White "Sairam, Pranav"]
[Black "Kleiman, Jake"]
[Result "1-0"]
[BlackTitle "IM"]
[WhiteElo "2018"]
[BlackElo "2399"]
[WhiteFideId "30951330"]
[BlackFideId "2020041"]
[EventDate "2022.11.12"]

1. e4 e5 2. Nf3 Nc6 3. Bb5 a6 4. Bxc6 dxc6 5. Nc3 f6 6. d4 exd4 7. Qxd4 Qxd4 8.
Nxd4 Bd7 9. Be3 O-O-O 10. O-O-O Re8 11. Nde2 Ne7 12. h4 h5 13. Nf4 g6 14. f3 Bg7
15. Nd3 Nd5 16. Bd4 Nxc3 17. Bxc3 b6 18. Nf4 Rhg8 19. Kb1 Bh8 20. Rd3 Be6 21.
Nxe6 Rxe6 22. Rhd1 f5 23. e5 f4 24. Rd4 Rf8 25. Re4 Bg7 26. a4 Rf5 27. Rde1 Bf8
28. Bd2 Bh6 29. g4 hxg4 30. fxg4 Rf7 31. g5 Bg7 32. Bxf4 Rf5 33. Kc1 c5 34. Kd2
Kd7 35. Kd3 Kc6 36. c4 Rf8 37. Rh1 Rd8+ 38. Ke3 Rde8 39. h5 gxh5 40. Rxh5 Bxe5
41. Rh6 Bxf4+ 42. Kxf4 Rxh6 43. gxh6 Rh8 44. Kg5 b5 45. axb5+ axb5 46. b3 Kb6
47. cxb5 Kxb5 48. Kg6 Rd8 49. h7 Rd6+ 50. Kf7 Rh6 51. Kg7 1-0

[Event "chess.com SpeedChess Q2Sw"]
[Site "chess.com INT"]
[Date "2022.11.12"]
[Round "2"]
[White "Daggupati, Balaji"]
[Black "Gheorghiu, Calin"]
[Result "1-0"]
[WhiteTitle "GM"]
[BlackTitle "FM"]
[WhiteElo "2507"]
[BlackElo "2300"]
[WhiteFideId "2090759"]
[BlackFideId "1200305"]
[EventDate "2022.11.12"]

1. e4 c5 2. Nf3 d6 3. d4 cxd4 4. Nxd4 Nf6 5. Nc3 a6 6. Qe2 e5 7. Nf5 d5 8. Bg5
d4 9. O-O-O h6 10. Bxf6 Qxf6 11. Nd5 Qd8 12. Qf3 Nc6 13. Bc4 Be6 14. Nde3 Bxc4
15. Nxc4 g6 16. Ng3 Rc8 17. a3 Bg7 18. h4 O-O 19. h5 Nb4 20. axb4 Rxc4 21. hxg6
fxg6 22. Qg4 Qg5+ 23. Qxg5 hxg5 24. Rd2 Rfc8 25. Kb1 Rxb4 26. Ne2 b5 27. Nc1
Rbc4 28. Nd3 a5 29. Rh3 a4 30. Rg3 Bf6 31. Rf3 Kg7 32. Ne1 Rh8 33. Re2 Rh1 34.
b3 Rb4 35. Kb2 g4 36. Rg3 axb3 37. cxb3 d3 38. Rxd3 Rd4 39. Rxd4 exd4 40. e5 Be7
41. Nd3 Rg1 42. g3 g5 43. Kc2 Kg6 44. e6 Kf6 45. Ne5 Kxe6 46. Nf3+ 1-0

[Event "chess.com SpeedChess Q2Sw"]
[Site "chess.com INT"]
[Date "2022.11.12"]
[Round "2"]
[White "Czerw, Dawid"]
[Black "Sanchez, Robert"]
[Result "1-0"]
[WhiteTitle "FM"]
[WhiteElo "2373"]
[BlackElo "1971"]
[WhiteFideId "1145746"]
[BlackFideId "2034360"]
[EventDate "2022.11.12"]

1. d4 Nf6 2. c4 e6 3. g3 Bb4+ 4. Bd2 a5 5. Bg2 O-O 6. Nf3 Bxd2+ 7. Qxd2 d6 8.
O-O Nbd7 9. Nc3 e5 10. e4 exd4 11. Nxd4 Nc5 12. b3 Re8 13. Rfe1 Bg4 14. h3 Bd7
15. Rab1 Qc8 16. Kh2 Bc6 17. Nxc6 bxc6 18. e5 Rxe5 19. Rxe5 dxe5 20. Bxc6 Rb8
21. Qe3 Ncd7 22. Rd1 h6 23. Ne4 Rb6 24. Nxf6+ Nxf6 25. Qc5 Qf5 26. Rd8+ Kh7 27.
Bg2 Rd6 28. Rxd6 cxd6 29. Qe3 Qc2 30. a3 e4 31. Kg1 Qd1+ 32. Bf1 Qc2 33. b4 axb4
34. axb4 d5 35. c5 Nd7 36. c6 Ne5 37. b5 Nf3+ 38. Kg2 d4 39. Qe2 d3 40. Qxe4+ g6
41. Bxd3 Ne1+ 42. Qxe1 Qxd3 43. Qc1 Qd5+ 44. Kg1 Qxb5 45. c7 1-0

[Event "chess.com SpeedChess Q2Sw"]
[Site "chess.com INT"]
[Date "2022.11.12"]
[Round "2"]
[White "Yuan, Qingyu"]
[Black "Deac, Bogdan-Daniel"]
[Result "0-1"]
[BlackTitle "GM"]
[WhiteElo "2373"]
[BlackElo "2700"]
[WhiteFideId "8609772"]
[BlackFideId "1226380"]
[EventDate "2022.11.12"]

1. e4 c5 2. Nf3 a6 3. c4 d6 4. Nc3 e5 5. g3 Nc6 6. Bg2 g6 7. a3 h5 8. Rb1 Bg7 9.
b4 Nge7 10. bxc5 dxc5 11. d3 O-O 12. O-O Rb8 13. Bg5 Be6 14. Nd5 b5 15. Qc1 Qd6
16. h3 Rfc8 17. Rb2 Rb7 18. Qd2 Bxd5 19. cxd5 Nd4 20. Rc1 Rbc7 21. Nxd4 cxd4 22.
Rxc7 Rxc7 23. Qb4 Nc8 24. Bd2 Bf8 25. Qb3 Qb6 26. f4 Rc3 27. Qa2 Rxd3 28. fxe5
Rxg3 29. Kh2 h4 30. Rb3 d3 31. Bf4 Qd4 32. Qd2 g5 33. Bxg3 hxg3+ 34. Kxg3 Qxe5+
35. Kf3 Qf6+ 36. Ke3 Bc5+ 37. Kxd3 Nd6 38. Kc2 Nc4 39. Qe2 Qa1 40. Rc3 Qb2+ 41.
Kd1 Qxc3 42. Qh5 Qd2# 0-1

[Event "chess.com SpeedChess Q2Sw"]
[Site "chess.com INT"]
[Date "2022.11.12"]
[Round "2"]
[White "Tologon tegin, Semetei"]
[Black "Sovetbekova, Nurai"]
[Result "1/2-1/2"]
[WhiteTitle "IM"]
[BlackTitle "WFM"]
[WhiteElo "2382"]
[BlackElo "2025"]
[WhiteFideId "13800574"]
[BlackFideId "13801910"]
[EventDate "2022.11.12"]

1. e4 c5 2. Nf3 d6 3. d4 cxd4 4. Nxd4 Nf6 5. Nc3 a6 6. a3 e5 7. Nf3 Be7 8. Bg5
Be6 9. Bxf6 Bxf6 10. Nd5 Nd7 11. Bc4 b5 12. Ba2 O-O 13. O-O Rc8 14. c3 Bxd5 15.
Bxd5 Qc7 16. a4 Nb6 17. axb5 axb5 18. Ra6 Rfd8 19. Qd3 Nxd5 20. Qxd5 Rb8 21.
Rfa1 Qc4 22. Rxd6 Qxd5 23. Rxd5 Rxd5 24. exd5 Rd8 25. Rd1 Kf8 26. Kf1 Ke7 27.
Ke2 Kd6 28. Ne1 Kc5 29. Nd3+ Kxd5 30. Ra1 Ke6 31. Ra6+ Rd6 32. Ra7 e4 33. Nc5+
Kd5 34. Nd7 Bg5 35. Nf8 Kc4 36. Rxf7 Rd2+ 37. Ke1 Rxb2 38. Rc7+ Kd3 39. Rd7+
Kxc3 40. Ne6 Rb1+ 41. Ke2 Rb2+ 42. Ke1 Bd2+ 43. Ke2 Bg5+ 44. Kf1 Rb1+ 45. Ke2
Rb2+ 1/2-1/2

[Event "chess.com SpeedChess Q2Sw"]
[Site "chess.com INT"]
[Date "2022.11.12"]
[Round "2"]
[White "Sattarov, Bobir"]
[Black "Yu, Yangyi"]
[Result "0-1"]
[BlackTitle "GM"]
[WhiteElo "2433"]
[BlackElo "2716"]
[WhiteFideId "14203081"]
[BlackFideId "8603820"]
[EventDate "2022.11.12"]

1. e4 c5 2. Nc3 d6 3. Nf3 Nf6 4. e5 dxe5 5. Nxe5 a6 6. g3 Qd6 7. Nf3 Bg4 8. Bg2
Nc6 9. h3 Bh5 10. d3 e6 11. Bf4 Qd8 12. O-O Bd6 13. Be3 O-O 14. g4 Bg6 15. Nd2
e5 16. a4 Rb8 17. Nc4 Be7 18. Bxc6 bxc6 19. Nxe5 Rxb2 20. Nxc6 Qc7 21. Nxe7+
Qxe7 22. Rb1 Rb4 23. Qf3 Qe5 24. Bd2 h5 25. g5 Nd7 26. Nd5 Rd4 27. Nc3 c4 28.
Be3 cxd3 29. Bxd4 Qxd4 30. Nd5 dxc2 31. Ne7+ Kh7 32. Rbc1 Ne5 33. Qe3 Qxe3 34.
fxe3 Be4 35. Rf2 Re8 36. Nf5 Nd3 37. Rcxc2 Nxf2 38. Rxf2 Bxf5 39. Rxf5 Rxe3 40.
Kg2 Kg6 41. Ra5 h4 42. Rxa6+ Kxg5 43. Ra7 Kg6 44. a5 Rg3+ 45. Kh2 Ra3 46. a6 Kf6
47. Ra8 g5 48. Kg2 Kf5 49. Rf8 f6 50. Ra8 Kf4 51. a7 Ra2+ 52. Kf1 Kg3 53. Rf8
Ra1+ 0-1

[Event "chess.com SpeedChess Q2Sw"]
[Site "chess.com INT"]
[Date "2022.11.12"]
[Round "2"]
[White "Kovalenko, Igor"]
[Black "Salman, Pavel"]
[Result "1-0"]
[WhiteTitle "GM"]
[BlackTitle "FM"]
[WhiteElo "2674"]
[BlackElo "2287"]
[WhiteFideId "14117908"]
[BlackFideId "24153753"]
[EventDate "2022.11.12"]

1. c4 c5 2. Nf3 Nf6 3. Nc3 e6 4. g3 b6 5. Bg2 Bb7 6. O-O Be7 7. Re1 Ne4 8. Na4
f5 9. d3 Nf6 10. a3 O-O 11. Rb1 Nc6 12. Bd2 a5 13. Qb3 Ra6 14. e3 Bd6 15. Bc3
Bc7 16. Rbd1 Qa8 17. Qc2 Kh8 18. Qe2 Ne7 19. Nh4 Bxg2 20. Nxg2 Ng6 21. Bxf6 Rxf6
22. f4 Rf8 23. Nc3 Bd8 24. d4 cxd4 25. exd4 Bf6 26. Nb5 Rc8 27. a4 Qc6 28. b3
Raa8 29. Ne3 h6 30. Qg2 Qxg2+ 31. Kxg2 Nf8 32. d5 Kg8 33. Kf3 g5 34. h3 Kg7 35.
Rd3 Rd8 36. Ng2 Rac8 37. g4 Kg6 38. gxf5+ exf5 39. Ne3 Rc5 40. Nd6 g4+ 41. hxg4
fxg4+ 42. Kxg4 h5+ 43. Kf3 Kg7 44. Ne4 Ng6 45. Rg1 Kf7 46. Nd6+ Kg7 47. f5 h4
48. Rxg6+ 1-0

[Event "chess.com SpeedChess Q2Sw"]
[Site "chess.com INT"]
[Date "2022.11.12"]
[Round "2"]
[White "Donchenko, Alexander"]
[Black "Grischuk, Alexander"]
[Result "1/2-1/2"]
[WhiteTitle "GM"]
[BlackTitle "GM"]
[WhiteElo "2645"]
[BlackElo "2745"]
[WhiteFideId "24603295"]
[BlackFideId "4126025"]
[EventDate "2022.11.12"]

1. c4 e5 2. g3 d6 3. Bg2 f5 4. Nc3 Nf6 5. e3 Be7 6. Nge2 O-O 7. d4 c6 8. O-O a5
9. b3 Na6 10. Bb2 Qe8 11. Na4 Bd8 12. c5 exd4 13. Qxd4 dxc5 14. Nxc5 Nxc5 15.
Qxc5 Qe7 16. Qc2 Bc7 17. Rfd1 Be5 18. Nd4 Bd7 19. a4 Rfe8 20. Rd2 g6 21. Rad1
Qf7 22. Nf3 Bxb2 23. Qxb2 Re7 24. Bf1 h6 25. Bc4 Be6 26. Ne5 Qg7 27. Rd8+ Rxd8
28. Rxd8+ Kh7 29. Qd4 Ne4 30. Nf3 Qxd4 31. Nxd4 Bxc4 32. bxc4 Nc5 33. Ra8 Nxa4
34. Rxa5 Nb6 35. c5 Nd5 36. Ra7 Kg7 37. Kg2 Kf6 38. h4 Nc3 39. Ra8 h5 40. Rf8+
Kg7 41. Rb8 Ne4 42. Nb3 Kf6 43. Kf3 Rd7 44. Ke2 Nc3+ 45. Kf3 Ne4 46. Ke2 Kf7 47.
Kf3 Kf6 1/2-1/2

[Event "chess.com SpeedChess Q2Sw"]
[Site "chess.com INT"]
[Date "2022.11.12"]
[Round "2"]
[White "Andreev, Eduard UKR"]
[Black "Mahdavi, Reza"]
[Result "0-1"]
[WhiteTitle "GM"]
[BlackTitle "FM"]
[WhiteElo "2413"]
[BlackElo "2316"]
[WhiteFideId "14103400"]
[BlackFideId "12595926"]
[EventDate "2022.11.12"]

1. e4 c5 2. Nf3 e6 3. d4 cxd4 4. Nxd4 Nc6 5. Nc3 Qc7 6. Be3 a6 7. Qd2 Nf6 8. f3
Be7 9. O-O-O b5 10. Kb1 O-O 11. g4 Ne5 12. g5 Nh5 13. f4 Ng4 14. f5 b4 15. Nce2
Bb7 16. Bg2 Rfe8 17. Bf3 Nxe3 18. Qxe3 e5 19. Bxh5 exd4 20. Nxd4 Bc5 21. Bf3 d5
22. g6 fxg6 23. fxg6 h6 24. Qb3 Kh8 25. exd5 Qe5 26. Ne6 Bd6 27. h4 Qf6 28. Rhf1
a5 29. h5 a4 30. Qe3 a3 31. Qc1 Be5 32. b3 Qh4 33. Rd3 Bf6 34. Bg2 Qh2 35. Bf3
Qe5 36. c3 bxc3 37. Qc2 Ba6 38. Rfd1 Bxd3 39. Rxd3 Rac8 40. Rd1 Qe3 41. Be4 Qg3
42. Bf5 Ra8 43. d6 Qf3 44. d7 Rg8 45. Nc7 Ra5 46. Be4 Qxh5 47. Nd5 Bd8 48. Nf4
Qe5 49. Nd5 Ra6 50. Nxc3 Rd6 51. Rxd6 Qxd6 52. Nd5 Qe5 53. Ne3 Bf6 54. Nc4 Qa1# 0-1